Statistiques concernant Élimination par catégorie - pays n°1

Cliquez ici pour prendre le quiz!

Statistiques générales

  • Ce quiz a été pris 2,819 fois
  • Le résultat moyen est 14 sur 20

Statistiques - réponses

Groupe # Catégorie % Correct
Vert54Pays d'Afrique
99%
Vert21... se terminant par E
98%
Vert11... avec une population de plus de 10 millions
95%
Vert5... et une superficie d'au moins 750 000 km²
91%
Jaune159Pays avec un seul mot
89%
Jaune80... en Europe ou en Asie
89%
Jaune45... avec une population de moins de 10 millions
86%
Bleu74Pays avec une population de plus de 15 millions
82%
Bleu48... pas en Asie
82%
Rose102Pays commençant par une lettre entre A et L
76%
Bleu25... avec une capitale d'au moins 7 lettres
75%
Rose28... en Océanie ou en Europe
74%
Rose18... avec une population de moins de 8 millions
67%
Jaune8... avec 5 lettres ou moins dans sa capitale
63%
Rose7... et une superficie de moins de 20 000 km²
57%
Bleu4... et son nom de pays se terminant par "IE"
40%
Vert1... dont la capitale commence par DTanzanie
33%
Rose1... qui contient la lettre JFidji
25%
Jaune1... et une superficie d'au moins 300 000 km²Norvège
19%
Bleu1... avec l'équateur qui le traverseSomalie
14%

Distribution des résultats

Percentile by Number Answered

% des personnes avec chaque résultat

Votre développement - résultats

Vous n’avez pas pris ce quiz